tipos y fases de la meiosis - Estadísticas

Estadísticas generales
  • Esta prueba ha sido intentada 10 veces
  • La puntuación promedio es 6 de 20
Estadísticas de respuestas
Respuesta % Correcto
Anafase I
67%
Meiosis I
67%
Meiosis II
67%
Metafase I
67%
Profase I
67%
Telofase I
67%
Anafase II
33%
Diacinesis
33%
Metafase II
33%
Profase II
33%
Telofase II
33%
Diploteno
0%
Leptoteno
0%
Meiosis cigótica o inicial
0%
Meiosis en esporas o intermedia
0%
Meiosis gamética o terminal
0%
Paquiteno
0%
Tardía II
0%
Temprana II
0%
Zigoteno
0%
No se encontraron pruebas coincidentes
Distribución de puntuación
Porcentaje de gente con cada puntuación
Porcentaje por número respondido
Historial de tus puntuaciones
No has intentado esta prueba.